Aku, kau & bola masa tambahan #3

Saved in:
Bibliographic Details
Format: Book
Language:Malay
Published: Batu Caves, Selangor PTS Publishing House Sdn Bhd 2012
Subjects:
Tags: Add Tag
No Tags, Be the first to tag this record!
Call Number :PN 6728.T34 A313 2012

MARC

LEADER 00000nam a2200000 c 4500
001 53060
003 MY-KLNDU
005 20241219014341.0
008 221104s2012 my a 000 c may d
020 |a 9789675564499 
039 9 |a 202211041228  |b VLOAD  |c 201912171613  |d azraai  |y 201906181205  |z shahrim 
040 |a UPNM  |b eng  |c UPNM  |e rda 
090 |a PN 6728.T34  |b A313 2012 
245 1 |a Aku, kau & bola  |n #3  |b masa tambahan 
246 3 |a Aku kau dan bola : masa tambahan 
246 3 |a Komik-M : aku, kau & bola : masa tambahan 
264 1 |a Batu Caves, Selangor  |b PTS Publishing House Sdn Bhd  |c 2012 
300 |a 124 pages  |b illustrations  |c 21 cm 
336 |a still image  |2 rdacontent 
336 |a text  |2 rdacontent 
337 |a unmediated  |2 rdamedia 
338 |a volume  |2 rdacarrier 
592 |a M00120  |b 17/10/19  |c RM6.90  |h Rimbunan Ilmu 
650 0 |a Comic books and teenagers 
999 |a vtls000064511  |c 53060  |d 53060